<?xml version="1.0" encoding="UTF-8"?>
<record
    xmlns:xsi="http://www.w3.org/2001/XMLSchema-instance"
    xsi:schemaLocation="http://www.loc.gov/MARC21/slim http://www.loc.gov/standards/marcxml/schema/MARC21slim.xsd"
    xmlns="http://www.loc.gov/MARC21/slim">

  <leader>01753    a2200253   4500</leader>
  <controlfield tag="001">4473</controlfield>
  <controlfield tag="005">20260407155435.0</controlfield>
  <controlfield tag="008">260407a1997    arg                 spa d</controlfield>
  <controlfield tag="003">AR-UNSa-BCEJYS</controlfield>
  <datafield tag="040" ind1=" " ind2=" ">
    <subfield code="a">AR-UNSa-BCEJYS</subfield>
    <subfield code="b">spa</subfield>
    <subfield code="c">AR-UNSa-BCEJYS</subfield>
  </datafield>
  <datafield tag="080" ind1=" " ind2=" ">
    <subfield code="a">657</subfield>
    <subfield code="x">Contabilidad</subfield>
  </datafield>
  <datafield tag="245" ind1="1" ind2="0">
    <subfield code="a">Tratado de contabilidad intermedia y superior</subfield>
  </datafield>
  <datafield tag="020" ind1=" " ind2=" ">
    <subfield code="a">950-537-259-0</subfield>
  </datafield>
  <datafield tag="250" ind1=" " ind2=" ">
    <subfield code="a">5a. ed.</subfield>
  </datafield>
  <datafield tag="264" ind1=" " ind2="1">
    <subfield code="a">Buenos Aires :</subfield>
    <subfield code="b">Ediciones Macchi</subfield>
    <subfield code="c">1997</subfield>
  </datafield>
  <datafield tag="300" ind1=" " ind2=" ">
    <subfield code="a">xxviii, 867 p.</subfield>
    <subfield code="c">22 cm.</subfield>
  </datafield>
  <datafield tag="505" ind1=" " ind2=" ">
    <subfield code="a">1. Introducci&#xF3;n - 2. Medici&#xF3;n. Valuaci&#xF3;n - 3. Teor&#xED;a contable b&#xE1;sica - 4. Preparaci&#xF3;n y presentaci&#xF3;n de la informaci&#xF3;n contable - 5. El tiempo en la vida de las empresas. Momentos y per&#xED;odos - 6. Estructura patrimonial de la empresa - 7. Caja y bancos - 8. Inversiones temporarias - 9. Cuentas por cobrar - 10. Bienes de cambio - 11. Inversiones permanentes - 12. Inversiones permanentes en acciones-combinaciones de negocios - 13. Bienes de uso o propiedad, planta y equipo - 14. Activos intangibles - 15. Compromisos ciertos. Cuentas por pagar. Deudas - 16. Pasivo contingente - 17. Otros Pasivos - 18. Operaciones en moneda extranjera - 19. Capital propio. Patrimonio neto. Aportes de los propietarios - 20. Los resultados del ejercicio econ&#xF3;mico - 21. Soluciones parciales - 22. Soluciones integrales. Ajuste por inflaci&#xF3;n - 23. Cambios en la posici&#xF3;n financiera de la empresa - 24. Conversi&#xF3;n de estados contables a moneda extranjera</subfield>
  </datafield>
  <datafield tag="942" ind1=" " ind2=" ">
    <subfield code="c">BK</subfield>
  </datafield>
  <datafield tag="590" ind1=" " ind2=" ">
    <subfield code="a">niveau_biblio:m niveau_hierar:0</subfield>
  </datafield>
  <datafield tag="100" ind1="1" ind2=" ">
    <subfield code="a">Biondi, Mario</subfield>
  </datafield>
  <datafield tag="700" ind1="1" ind2=" ">
    <subfield code="a">Biondi, Mario (h)</subfield>
  </datafield>
  <datafield tag="700" ind1="1" ind2=" ">
    <subfield code="a">Colamussi, Rosa Teresa</subfield>
  </datafield>
  <datafield tag="856" ind1="4" ind2="1">
    <subfield code="u">https://t1.gstatic.com/images?q=tbn:ANd9GcRUMBvH_ReZyFzp-Uks4Cvp9TpFynzS-VTWyPgZNoHPjLY9B0FsSw</subfield>
    <subfield code="y">Imagen de portada</subfield>
    <subfield code="q">image/jpeg</subfield>
  </datafield>
  <datafield tag="999" ind1=" " ind2=" ">
    <subfield code="c">427</subfield>
    <subfield code="d">427</subfield>
  </datafield>
  <datafield tag="952" ind1=" " ind2=" ">
    <subfield code="0">0</subfield>
    <subfield code="1">0</subfield>
    <subfield code="4">0</subfield>
    <subfield code="7">0</subfield>
    <subfield code="a">BCEJYS</subfield>
    <subfield code="b">BCEJYS</subfield>
    <subfield code="c">16</subfield>
    <subfield code="d">2026-04-07</subfield>
    <subfield code="l">0</subfield>
    <subfield code="o">657 B615t 5ed.</subfield>
    <subfield code="p">L85176</subfield>
    <subfield code="r">2026-04-07 15:54:35</subfield>
    <subfield code="w">2026-04-07</subfield>
    <subfield code="y">L</subfield>
    <subfield code="z">PARTIDO EN P&#xC1;G 356 - LAPICERA P&#xC1;GINAS 45 Y 46 - CINTA P&#xC1;G 324 - L&#xC1;PIZ LEVE - H&#xDA;MEDO EN EL CENTRO DE CANTO SUPERIOR Y UN POCO H&#xDA;MEDO EN CANTO CENTRAL Y LATERAL</subfield>
  </datafield>
  <datafield tag="952" ind1=" " ind2=" ">
    <subfield code="0">0</subfield>
    <subfield code="1">0</subfield>
    <subfield code="4">0</subfield>
    <subfield code="7">0</subfield>
    <subfield code="a">BCEJYS</subfield>
    <subfield code="b">BCEJYS</subfield>
    <subfield code="c">16</subfield>
    <subfield code="d">2026-04-07</subfield>
    <subfield code="l">0</subfield>
    <subfield code="o">657 B615t 5ed.</subfield>
    <subfield code="p">L85758</subfield>
    <subfield code="r">2026-04-07 15:54:35</subfield>
    <subfield code="w">2026-04-07</subfield>
    <subfield code="y">L</subfield>
    <subfield code="z">L&#xC1;PIZ - TAPA DESPEGADA DEL LIBRO - CINTA EN PRIMERAS 3 P&#xC1;GINAS - H&#xDA;MEDO - PARTIDO EN P&#xC1;GINA 420 Y 452 - MANCHADO</subfield>
  </datafield>
  <datafield tag="952" ind1=" " ind2=" ">
    <subfield code="0">0</subfield>
    <subfield code="1">0</subfield>
    <subfield code="4">0</subfield>
    <subfield code="7">0</subfield>
    <subfield code="a">BCEJYS</subfield>
    <subfield code="b">BCEJYS</subfield>
    <subfield code="c">16</subfield>
    <subfield code="d">2026-04-07</subfield>
    <subfield code="l">0</subfield>
    <subfield code="o">657 B615t 5ed.</subfield>
    <subfield code="p">L85757</subfield>
    <subfield code="r">2026-04-07 15:54:35</subfield>
    <subfield code="w">2026-04-07</subfield>
    <subfield code="y">L</subfield>
    <subfield code="z">TAPA REPARADA - L&#xC1;PIZ - H&#xDA;MEDO - PRIMERAS 2 P&#xC1;GINAS ROTAS Y MANCHADAS - MANCHADO SOBRE TODO EN P&#xC1;GINA 326 Y 327</subfield>
  </datafield>
  <datafield tag="952" ind1=" " ind2=" ">
    <subfield code="0">0</subfield>
    <subfield code="1">0</subfield>
    <subfield code="4">0</subfield>
    <subfield code="7">0</subfield>
    <subfield code="a">BCEJYS</subfield>
    <subfield code="b">BCEJYS</subfield>
    <subfield code="c">16</subfield>
    <subfield code="d">2026-04-07</subfield>
    <subfield code="l">0</subfield>
    <subfield code="o">657 B615t 5ed.</subfield>
    <subfield code="p">L85752</subfield>
    <subfield code="r">2026-04-07 15:54:35</subfield>
    <subfield code="w">2026-04-07</subfield>
    <subfield code="y">L</subfield>
    <subfield code="z">2&#xB0; HOJA SUELTA - L&#xC1;PIZ - LAPICERA P&#xC1;G 536 A 538, P&#xC1;G XVI (INDICE) - PARTIDO EN P&#xC1;G 292 - MANCHADO - &#xDA;LTIMAS P&#xC1;GINAS UN POCO ROTAS - CANTO MANCHADO - TAPA PEGADA CON CINTA</subfield>
  </datafield>
  <datafield tag="952" ind1=" " ind2=" ">
    <subfield code="0">0</subfield>
    <subfield code="1">0</subfield>
    <subfield code="4">0</subfield>
    <subfield code="7">0</subfield>
    <subfield code="a">BCEJYS</subfield>
    <subfield code="b">BCEJYS</subfield>
    <subfield code="c">16</subfield>
    <subfield code="d">2026-04-07</subfield>
    <subfield code="l">0</subfield>
    <subfield code="o">657 B615t 5ed.</subfield>
    <subfield code="p">L85180</subfield>
    <subfield code="r">2026-04-07 15:54:35</subfield>
    <subfield code="w">2026-04-07</subfield>
    <subfield code="y">L</subfield>
    <subfield code="z">L&#xC1;PIZ - HOJAS MANCHADAS - H&#xDA;MEDO (HASTA P&#xC1;G 66) - 1&#xB0; Y &#xDA;LTIMA P&#xC1;GINA ROTAS - CANTO MANCHADO</subfield>
  </datafield>
  <datafield tag="952" ind1=" " ind2=" ">
    <subfield code="0">0</subfield>
    <subfield code="1">0</subfield>
    <subfield code="4">0</subfield>
    <subfield code="7">0</subfield>
    <subfield code="a">BCEJYS</subfield>
    <subfield code="b">BCEJYS</subfield>
    <subfield code="c">16</subfield>
    <subfield code="d">2026-04-07</subfield>
    <subfield code="l">0</subfield>
    <subfield code="o">657 B615t 5ed.</subfield>
    <subfield code="p">L85755</subfield>
    <subfield code="r">2026-04-07 15:54:35</subfield>
    <subfield code="w">2026-04-07</subfield>
    <subfield code="y">L</subfield>
    <subfield code="z">CINTA EN P&#xC1;G 260 Y 261, 866 Y 868 - H&#xDA;MEDO - MANCHADO - RESALTADOR DESDE P&#xC1;G 177 A 179 - L&#xC1;PIZ ROJO EN P&#xC1;G 11 - SUBRAYADO CON L&#xC1;PIZ NEGRO - CANTO MANCHADO (ROJO EN SUPERIOR Y MANCHITAS MARRONES EN INFERIOR)</subfield>
  </datafield>
  <datafield tag="952" ind1=" " ind2=" ">
    <subfield code="0">0</subfield>
    <subfield code="1">0</subfield>
    <subfield code="4">0</subfield>
    <subfield code="7">0</subfield>
    <subfield code="a">BCEJYS</subfield>
    <subfield code="b">BCEJYS</subfield>
    <subfield code="c">16</subfield>
    <subfield code="d">2026-04-07</subfield>
    <subfield code="l">0</subfield>
    <subfield code="o">657 B615t 5ed.</subfield>
    <subfield code="p">L85177</subfield>
    <subfield code="r">2026-04-07 15:54:35</subfield>
    <subfield code="w">2026-04-07</subfield>
    <subfield code="y">L</subfield>
    <subfield code="z">H&#xDA;MEDO HASTA P&#xC1;GINA 38 - TAPA UN POCO RASGADA - L&#xC1;PIZ LEVE - CANTO SUPERIOR CON MANCHITA ROJA</subfield>
  </datafield>
  <datafield tag="952" ind1=" " ind2=" ">
    <subfield code="0">0</subfield>
    <subfield code="1">0</subfield>
    <subfield code="4">0</subfield>
    <subfield code="7">0</subfield>
    <subfield code="a">BCEJYS</subfield>
    <subfield code="b">BCEJYS</subfield>
    <subfield code="c">16</subfield>
    <subfield code="d">2026-04-07</subfield>
    <subfield code="l">0</subfield>
    <subfield code="o">657 B615t 5ed.</subfield>
    <subfield code="p">L85751</subfield>
    <subfield code="r">2026-04-07 15:54:35</subfield>
    <subfield code="w">2026-04-07</subfield>
    <subfield code="y">L</subfield>
    <subfield code="z">L&#xC1;PIZ LEVE - MANCHAS - &#xDA;LTIMA HOJA ROTA - CANTO MANCHADO - HOJAS SUELTAS DESDE P&#xC1;G 427 A 446 - H&#xDA;MEDO - 1&#xB0; P&#xC1;G ROTA EN ESQUINA INFERIOR</subfield>
  </datafield>
  <datafield tag="952" ind1=" " ind2=" ">
    <subfield code="0">0</subfield>
    <subfield code="1">0</subfield>
    <subfield code="4">0</subfield>
    <subfield code="7">0</subfield>
    <subfield code="a">BCEJYS</subfield>
    <subfield code="b">BCEJYS</subfield>
    <subfield code="c">16</subfield>
    <subfield code="d">2026-04-07</subfield>
    <subfield code="l">0</subfield>
    <subfield code="o">657 B615t 5ed.</subfield>
    <subfield code="p">L85750</subfield>
    <subfield code="r">2026-04-07 15:54:35</subfield>
    <subfield code="w">2026-04-07</subfield>
    <subfield code="y">L</subfield>
    <subfield code="z">P&#xC1;G 1 A 4 SUELTAS - H&#xDA;MEDO DESDE P&#xC1;G 773 A 867 EN ESQUINA INFERIOR Y DESDE INICIO HASTA P&#xC1;G XXVII (INDICE) - L&#xC1;PIZ - MANCHADO - LAPICERA EN P&#xC1;G 176</subfield>
  </datafield>
  <datafield tag="952" ind1=" " ind2=" ">
    <subfield code="0">0</subfield>
    <subfield code="1">0</subfield>
    <subfield code="4">0</subfield>
    <subfield code="7">0</subfield>
    <subfield code="a">BCEJYS</subfield>
    <subfield code="b">BCEJYS</subfield>
    <subfield code="c">16</subfield>
    <subfield code="d">2026-04-07</subfield>
    <subfield code="l">0</subfield>
    <subfield code="o">657 B615t 5ed.</subfield>
    <subfield code="p">L85754</subfield>
    <subfield code="r">2026-04-07 15:54:35</subfield>
    <subfield code="w">2026-04-07</subfield>
    <subfield code="y">L</subfield>
    <subfield code="z">UN POCO H&#xDA;MEDO AL PRINCIPIO - L&#xC1;PIZ LEVE - MANCHADO</subfield>
  </datafield>
  <datafield tag="952" ind1=" " ind2=" ">
    <subfield code="0">0</subfield>
    <subfield code="1">0</subfield>
    <subfield code="4">0</subfield>
    <subfield code="7">0</subfield>
    <subfield code="a">BCEJYS</subfield>
    <subfield code="b">BCEJYS</subfield>
    <subfield code="c">16</subfield>
    <subfield code="d">2026-04-07</subfield>
    <subfield code="l">0</subfield>
    <subfield code="o">657 B615t 5ed.</subfield>
    <subfield code="p">L85756</subfield>
    <subfield code="r">2026-04-07 15:54:35</subfield>
    <subfield code="w">2026-04-07</subfield>
    <subfield code="y">L</subfield>
    <subfield code="z">&#xDA;LTIMA P&#xC1;G ROTA - L&#xC1;PIZ - RESALTADOR P&#xC1;G 153 - FOTOCOPIA EN P&#xC1;G 3 - H&#xDA;MEDO - MANCHADO</subfield>
  </datafield>
  <datafield tag="952" ind1=" " ind2=" ">
    <subfield code="0">0</subfield>
    <subfield code="1">0</subfield>
    <subfield code="4">0</subfield>
    <subfield code="7">0</subfield>
    <subfield code="a">BCEJYS</subfield>
    <subfield code="b">BCEJYS</subfield>
    <subfield code="c">16</subfield>
    <subfield code="d">2026-04-07</subfield>
    <subfield code="l">0</subfield>
    <subfield code="o">657 B615t 5ed.</subfield>
    <subfield code="p">L85753</subfield>
    <subfield code="r">2026-04-07 15:54:35</subfield>
    <subfield code="w">2026-04-07</subfield>
    <subfield code="y">L</subfield>
    <subfield code="z">PARTIDO EN P&#xC1;GINAS 260 Y 484 - TAPA PEGADA CON CINTA - H&#xDA;MEDO - P&#xC1;GINAS SUELTAS 231 A 258 - L&#xC1;PIZ</subfield>
  </datafield>
  <datafield tag="952" ind1=" " ind2=" ">
    <subfield code="0">0</subfield>
    <subfield code="1">0</subfield>
    <subfield code="4">0</subfield>
    <subfield code="7">0</subfield>
    <subfield code="a">BCEJYS</subfield>
    <subfield code="b">BCEJYS</subfield>
    <subfield code="c">16</subfield>
    <subfield code="d">2026-04-07</subfield>
    <subfield code="l">0</subfield>
    <subfield code="o">657 B615t 5ed.</subfield>
    <subfield code="p">L85179</subfield>
    <subfield code="r">2026-04-07 15:54:35</subfield>
    <subfield code="w">2026-04-07</subfield>
    <subfield code="y">L</subfield>
    <subfield code="z">PRIMERAS 3 P&#xC1;GINAS CON CINTA - LAPICERA ROJA EN INDICE - L&#xC1;PIZ - HOJA 388 REPARADA - MANCHAS SOBRE TODO EN P&#xC1;GINA 385 A 387 - H&#xDA;MEDO HACIA CANTO LATERAL - CANTO MANCHADO</subfield>
  </datafield>
  <datafield tag="952" ind1=" " ind2=" ">
    <subfield code="0">0</subfield>
    <subfield code="1">0</subfield>
    <subfield code="4">0</subfield>
    <subfield code="7">0</subfield>
    <subfield code="a">BCEJYS</subfield>
    <subfield code="b">BCEJYS</subfield>
    <subfield code="c">16</subfield>
    <subfield code="d">2026-04-07</subfield>
    <subfield code="l">0</subfield>
    <subfield code="o">657 B615t 5ed.</subfield>
    <subfield code="p">L85759</subfield>
    <subfield code="r">2026-04-07 15:54:35</subfield>
    <subfield code="w">2026-04-07</subfield>
    <subfield code="y">L</subfield>
    <subfield code="z">PARTIDO EN P&#xC1;G 228 - TAPA ROTA Y PRIMERAS P&#xC1;GINAS - L&#xC1;PIZ - LAPICERA P&#xC1;GINAS 273 Y 277 - MANCHADO - H&#xDA;MEDO DESDE P&#xC1;G 743 A FINAL EN ESQUINA INFERIOR - H&#xDA;MEDO EN CANTO LATERAL - CANTO MANCHADO - CINTA EN TAPA DE ATR&#xC1;S</subfield>
  </datafield>
  <datafield tag="952" ind1=" " ind2=" ">
    <subfield code="0">0</subfield>
    <subfield code="1">0</subfield>
    <subfield code="4">0</subfield>
    <subfield code="7">0</subfield>
    <subfield code="a">BCEJYS</subfield>
    <subfield code="b">BCEJYS</subfield>
    <subfield code="c">16</subfield>
    <subfield code="d">2026-04-07</subfield>
    <subfield code="l">0</subfield>
    <subfield code="o">657 B615t 5ed.</subfield>
    <subfield code="p">L85178</subfield>
    <subfield code="r">2026-04-07 15:54:35</subfield>
    <subfield code="w">2026-04-07</subfield>
    <subfield code="y">L</subfield>
    <subfield code="z">CANTO MANCHADO - TAPA DESPEGADA DE LIBRO - L&#xC1;PIZ - MANCHADO - PARTIDO EN P&#xC1;G 228 - H&#xDA;MEDO - &#xDA;LTIMA P&#xC1;GINA ROTA - LAPICERA P&#xC1;G 418</subfield>
  </datafield>
  <datafield tag="952" ind1=" " ind2=" ">
    <subfield code="0">0</subfield>
    <subfield code="1">0</subfield>
    <subfield code="4">0</subfield>
    <subfield code="7">0</subfield>
    <subfield code="a">BCEJYS</subfield>
    <subfield code="b">BCEJYS</subfield>
    <subfield code="c">16</subfield>
    <subfield code="d">2026-04-07</subfield>
    <subfield code="l">0</subfield>
    <subfield code="o">657 B615t 5ed.</subfield>
    <subfield code="p">L86334</subfield>
    <subfield code="r">2026-04-07 15:54:35</subfield>
    <subfield code="w">2026-04-07</subfield>
    <subfield code="y">L</subfield>
    <subfield code="z">&#xDA;LTIMA HOJA SUELTA Y ROTA - L&#xC1;PIZ - H&#xDA;MEDO DESDE INICIO HASTA P&#xC1;G 13, P&#xC1;G 65, DESDE P&#xC1;G 311 A 460 Y DESDE 699 A FINAL - TAPA PEGADA CON CINTA - PRIMERAS DOS P&#xC1;GINAS PEGADAS CON CINTA - RESALTADOR EN P&#xC1;G 37</subfield>
  </datafield>
</record>
